<?xml version="1.0" encoding="UTF-8"?>
<collection xmlns="http://www.loc.gov/MARC21/slim">
 <record>
  <leader>00409pamaa2200157   4500</leader>
  <controlfield tag="001">0000018385</controlfield>
  <controlfield tag="005">20100707090000.0</controlfield>
  <datafield tag="020" ind1="0" ind2="0">
   <subfield code="a">0251144692 </subfield>
  </datafield>
  <datafield tag="082" ind1=" " ind2=" ">
   <subfield code="a">658.575 CRA</subfield>
  </datafield>
  <datafield tag="090" ind1="0" ind2="0">
   <subfield code="a">HF5415.153 </subfield>
   <subfield code="b">CRA 1997</subfield>
  </datafield>
  <datafield tag="100" ind1="1" ind2="0">
   <subfield code="a">Crawford </subfield>
  </datafield>
  <datafield tag="245" ind1="1" ind2="0">
   <subfield code="a">New products management  </subfield>
   <subfield code="c">C. Merle Crawford.</subfield>
  </datafield>
  <datafield tag="250" ind1="0" ind2="0">
   <subfield code="a">5th ed.</subfield>
  </datafield>
  <datafield tag="260" ind1="0" ind2="0">
   <subfield code="a">Chicago: </subfield>
   <subfield code="b">Irwin, </subfield>
   <subfield code="c">1997.</subfield>
  </datafield>
  <datafield tag="300" ind1=" " ind2=" ">
   <subfield code="a">xxix, 508p.: </subfield>
   <subfield code="b">24cm.</subfield>
  </datafield>
  <datafield tag="650" ind1="0" ind2="0">
   <subfield code="a">New products -- </subfield>
   <subfield code="x">Management </subfield>
  </datafield>
 </record>
</collection>
